• 首页
  • 本馆介绍
  • 公告通知
  • 最新文献
  • 馆藏检索
  • 电子资源
  • 读者导购
  • 参考咨询
  • 我的图书馆
  • 登录
  • 详细信息显示
  • 放入我的书架
  • 预约/预借图书
  • 作者相关作品
  • 分类相关作品
  • 丛书相关作品
  • 出版社相关作品

书目信息

  • 表格格式
  • 工作单格式
  • 卡片格式
题名:
电致发光原理及应用
    
 
作者: 葛葆珪 编著
分册:  
出版信息: 北京   测绘出版社  1985
页数: 178页
开本: 26cm
丛书名:
单 册:
中图分类: O482.3
科图分类:
主题词: 固体物理学
电子资源:
ISBN:
000 00643nam0 2200241 45
001 0185020714
005 20040518083425.8
010    @dCNY2.80
091    @a15039.360
100    @a19900829d1985 em y0chiy0121 ea
101 0  @achi
102    @aCN@b110000
105    @ay z 000yy
106    @ar
200 10 @a电致发光原理及应用@Adian zhi fa guang yuan li ji ying yong@f葛葆珪编著@FGe Bao Gui Bian Zhu
210    @a北京@c测绘出版社@d1985
215    @a178页@d26cm
606 0  @a固体物理学
690    @aO482.3
701  0 @a葛葆珪@4编著
801  0 @aCN@b深圳图书馆@c20040518
801  2 @aCN@bNLC@c20040518
905    @f1@b217509@dO482.3@e30
    
    电致发光原理及应用/葛葆珪编著.-北京:测绘出版社,1985
    178页;26cm
    
    
    ISBN :CNY2.80
    
●
相关链接 在E读中查询图书 在五车中查询图书 在当当中查询图书 在豆瓣中查询图书


正题名:电致发光原理及应用     索取号:O482.3/30         预约/预借

序号 登录号 条形码 馆藏地/架位号 状态 备注
1 0217509   001453144   第三借阅区/ [索取号:O482.3/30] 在馆    
2 0217510   001453153   第二样本阅览室/ [索取号:O482.3/30] 在馆    
唐山师范学院图书馆 欢迎您!
大连网信软件有限公司© 版权所有